[Event "OP-2014-0-03485"]
[Site "LSS email"]
[Date "2014.08.28"]
[Round "?"]
[White "Pauk, Jozef"]
[Black "Kalistratov, Aleksandr Anatoliev"]
[Result "0-1"]
[WhiteElo "754"]
[BlackElo "1947"]
[PlyCount "40"]
[EventDate "2014.08.24"]
[EventType "tourn (corr)"]
[EventRounds "4"]
[EventCountry "GER"]
[SourceTitle "Corr 2015"]
[Source "ChessBase"]
[SourceDate "2015.07.17"]
[SourceVersion "1"]
[SourceVersionDate "2015.07.17"]
[SourceQuality "1"]

1. Nf3 d5 2. d4 e6 3. a3 Nf6 4. Bg5 c5 5. c3 h6 6. Bh4 Nc6 7. dxc5 Bxc5 8. b4 Be7 9. e3 0-0 10. Bd3 e5 11. Bxf6 Bxf6 12. Bc2 e4 13. Nd4 a5 14. b5 Ne5 15. a4 Bg4 16. f3 Bh4+ 17. Kf1 Nc4 18. Qe2 exf3 19. Qd3 Nxe3+ 20. Qxe3 Re8 0-1

[Event "OP-2014-0-03482"]
[Site "LSS email"]
[Date "2014.08.27"]
[Round "?"]
[White "Kalistratov, Aleksandr Anatoliev"]
[Black "Reinecke, Juergen"]
[Result "1-0"]
[WhiteElo "1947"]
[BlackElo "1047"]
[PlyCount "47"]
[EventDate "2014.08.22"]
[EventType "tourn (corr)"]
[EventRounds "4"]
[EventCountry "GER"]
[SourceTitle "Corr 2015"]
[Source "ChessBase"]
[SourceDate "2015.07.17"]
[SourceVersion "1"]
[SourceVersionDate "2015.07.17"]
[SourceQuality "1"]

1. e4 e5 2. Nf3 Nc6 3. Bb5 a6 4. Ba4 Nf6 5. 0-0 Be7 6. Re1 b5 7. Bb3 d6 8. c3 0-0 9. h3 h6 10. d4 Re8 11. Nbd2 Bf8 12. Nf1 exd4 13. cxd4 Bb7 14. Ng3 Na5 15. Bc2 Nc4 16. b3 Nb6 17. Bf4 Rc8 18. a4 bxa4 19. bxa4 Nxe4 20. Nxe4 Nd5 21. Qd3 g6 22. Bd2 Kg7 23. h4 h5 24. Ng3 1-0

[Event "OP-2014-0-03482"]
[Site "LSS email"]
[Date "2014.08.26"]
[Round "?"]
[White "Johanson, Frans"]
[Black "Kalistratov, Aleksandr Anatoliev"]
[Result "1-0"]
[WhiteElo "1796"]
[BlackElo "1947"]
[PlyCount "93"]
[EventDate "2014.08.22"]
[EventType "tourn (corr)"]
[EventRounds "4"]
[EventCountry "GER"]
[SourceTitle "Corr 2015"]
[Source "ChessBase"]
[SourceDate "2015.07.17"]
[SourceVersion "1"]
[SourceVersionDate "2015.07.17"]
[SourceQuality "1"]

1. Nf3 d5 2. g3 Nf6 3. Bg2 c6 4. 0-0 Bg4 5. d3 Nbd7 6. h3 Bxf3 7. exf3 e6 8. Nd2 h5 9. f4 h4 10. g4 Bd6 11. Nf3 Qc7 12. Qd2 Nf8 13. Qe3 Nxg4 14. hxg4 h3 15. Bh1 h2+ 16. Nxh2 Ng6 17. Nf3 Bxf4 18. Qd4 0-0-0 19. Bxf4 Nxf4 20. Rfe1 f6 21. Qxa7 Qd7 22. Bg2 g5 23. Nd4 e5 24. Ne2 Qxg4 25. Nxf4 gxf4 26. f3 Qg3 27. Re2 Rdg8 28. Qf2 Qg5 29. Kf1 Rh2 30. Qg1 Qh5 31. Rae1 Kc7 32. b4 Rgxg2 33. Rxg2 Rh1 34. Rg7+ Kd6 35. Kf2 Rxg1 36. Rexg1 b5 37. a3 Ke6 38. Rg8 Kf5 39. R8g7 Qe8 40. Rh1 Qa8 41. Rh5+ Ke6 42. Rh6 Qa4 43. Rgg6 Qxc2+ 44. Kg1 Qd1+ 45. Kf2 Qd2+ 46. Kg1 e4 47. dxe4 1-0

[Event "OP-2014-0-03482"]
[Site "LSS email"]
[Date "2014.08.26"]
[Round "?"]
[White "Kalistratov, Aleksandr Anatoliev"]
[Black "Gyongyosi, Peter Laszlo"]
[Result "1-0"]
[WhiteElo "1947"]
[BlackElo "770"]
[PlyCount "25"]
[EventDate "2014.08.22"]
[EventType "tourn (corr)"]
[EventRounds "4"]
[EventCountry "GER"]
[SourceTitle "Corr 2015"]
[Source "ChessBase"]
[SourceDate "2015.07.17"]
[SourceVersion "1"]
[SourceVersionDate "2015.07.17"]
[SourceQuality "1"]

1. e4 d5 2. exd5 Qxd5 3. Nc3 Qa5 4. d4 c6 5. Nf3 Bg4 6. h3 Bxf3 7. Qxf3 Nf6 8. Bd2 e6 9. 0-0-0 Bb4 10. Kb1 Nbd7 11. a3 Bd6 12. Nb5 Qc7 13. Nxc7+ 1-0